00723nam a2200193 i 450000100060000000300090000600500170001500700030003200800410003510000300007624500720010626000530017830000270023149000440025883000520030285200320035499900170038695201260040337335ES-MaACL20230906155542.0t|030220s1953 gw ||||1| ger d1 aBuchholz, Herbert.93230414aDie konfluente hypergeometrische funktion / cvon Herbert Buchholz. aBerlin : bSpringev, c1953 (fPaul Dünnhaupt) aXVI, 234 p. ; c24 cm.1 aErgebuisse der angewandten mathématik0 aErgebuisse der angewandten mathématik9229635 aES-MaACLjC-19194 bR.46963 c37335d37335 00104070aATENEOMbATENEOMcGaleríad2008-01-17eSCl0oC-19194p1039291r2023-02-23 00:00:00w2023-02-23yMONOGRAFIA